00280nam a2200121Ia 45000030006000000080041000060400015000471000019000622450028000812600020001095460012001290050017001410STCL150530s9999 xx 000 0 und d aSTCLcSTCL aButler, J.A.V. aChemical thermodynamics bMacmillanc1955 aEnglish20220125170238.0